100 superlative Rolex® watches /

Bibliographic Details
Main Author: Goldberger, John
Other Authors: Negretti, Giampiero
Format: Book
Language:English
Published: Bologna, Italy : Damiani, [2008]
Subjects:

MARC

Tag First Indicator Second Indicator Subfields
LEADER 00000cam a2200000Ia 4500
001 in00002426331
005 20151109135920.0
008 080330s2008 it a b 000 0 eng d
020 |a 9788862080316 
020 |a 886208031X 
035 |a (OCoLC)ocn216938968 
035 |a (OCoLC)216938968 
040 |a BTCTA  |c BTCTA  |d BAKER  |d YDXCP  |d BWX  |d TXA  |d UtOrBLW 
043 |a e-sz--- 
049 |a TXAM 
090 |a NK7495.S9  |b G65 2008 
100 1 |a Goldberger, John. 
245 1 0 |a 100 superlative Rolex® watches /  |c photographed and written by John Goldberger ; introduction by Giampiero Negretti. 
246 3 |a One hundred superlative Rolex® watches 
264 1 |a Bologna, Italy :  |b Damiani,  |c [2008] 
264 4 |c ©2008 
300 |a 260 pages :  |b color illustrations ;  |c 32 cm. 
336 |a text  |b txt  |2 rdacontent 
337 |a unmediated  |b n  |2 rdamedia 
338 |a volume  |b nc  |2 rdacarrier 
504 |a Includes bibliographical references. 
650 0 |a Wrist watches  |z Switzerland  |x History  |v Pictorial works. 
610 2 0 |a Montres Rolex S.A.  |x History  |v Pictorial works. 
700 1 |a Negretti, Giampiero. 
938 |a Baker and Taylor  |b BTCP  |n BK0007711968 
938 |a Baker & Taylor  |b BKTY  |c 200.00  |d 150.00  |i 886208031X  |n 0007711968  |s active 
938 |a YBP Library Services  |b YANK  |n 2842040 
938 |a Blackwell Book Service  |b BBUS  |n R6733093  |c $200.00 
945 |a PromptCat  |b 526883 
946 |a stk 
947 |a A14836643891 
994 |a C0  |b TXA 
948 |a cataloged  |b h  |c 2008/10/20  |d c  |e nbehmer  |f 3:08:28 pm 
999 |a MARS 
999 f f |s 9d3c9222-bfbd-3471-9569-f5881dcda292  |i aab03dc5-b259-3531-bcac-9f5d1b554aef  |t 0 
952 f f |p ric  |a Texas A&M University  |b Rellis Campus  |c Joint Library Facility  |d Remote Storage  |t 0  |e NK7495.S9 G65 2008  |f Oversize  |h Library of Congress classification  |i unmediated -- volume  |m A14836643891 
998 f f |a NK7495.S9 G65 2008  |t 0  |l Remote Storage